00325nam a2200121Ia 4500008004000000041000800040082001600048100002100064245004000085260002900125300001300154650003600167210210b1993 xxu||||| |||| 00| 0 eng d aeng a820.13 ZAKI aZAKARIA (Rafiq). aIqbal: the poet and the politician. aN DbPenguin Booksc1993 axxii,194 aIqbak Poet Politician Biography